<?xml version="1.0" encoding="UTF-8"?>
<record
    xmlns:xsi="http://www.w3.org/2001/XMLSchema-instance"
    xsi:schemaLocation="http://www.loc.gov/MARC21/slim http://www.loc.gov/standards/marcxml/schema/MARC21slim.xsd"
    xmlns="http://www.loc.gov/MARC21/slim">

  <leader>01669nam2a2200301   4500</leader>
  <controlfield tag="001">RU\NLR\bibl\1705878</controlfield>
  <controlfield tag="005">20250616063256.0</controlfield>
  <datafield tag="010" ind1=" " ind2=" ">
    <subfield code="a">978-5-93856-179-3</subfield>
    <subfield code="9">1000</subfield>
  </datafield>
  <datafield tag="021" ind1=" " ind2=" ">
    <subfield code="a">RU</subfield>
    <subfield code="b">2010-83076</subfield>
    <subfield code="9">5539</subfield>
  </datafield>
  <datafield tag="035" ind1=" " ind2=" ">
    <subfield code="a">(NLR Aleph) 001696929</subfield>
  </datafield>
  <datafield tag="090" ind1=" " ind2=" ">
    <subfield code="a">1195966</subfield>
    <subfield code="c">1195966</subfield>
  </datafield>
  <datafield tag="100" ind1=" " ind2=" ">
    <subfield code="a">20101125d2010    |||y0rusy50      ca</subfield>
  </datafield>
  <datafield tag="101" ind1="0" ind2=" ">
    <subfield code="a">rus</subfield>
  </datafield>
  <datafield tag="102" ind1=" " ind2=" ">
    <subfield code="a">RU</subfield>
  </datafield>
  <datafield tag="105" ind1=" " ind2=" ">
    <subfield code="a">a   |||||||||</subfield>
  </datafield>
  <datafield tag="200" ind1="1" ind2=" ">
    <subfield code="a">&#x41E;&#x431;&#x440;&#x430;&#x431;&#x43E;&#x442;&#x43A;&#x430; &#x43E;&#x431;&#x43B;&#x438;&#x446;&#x43E;&#x432;&#x43E;&#x447;&#x43D;&#x43E;&#x433;&#x43E;, &#x44E;&#x432;&#x435;&#x43B;&#x438;&#x440;&#x43D;&#x43E;&#x433;&#x43E; &#x438; &#x44E;&#x432;&#x435;&#x43B;&#x438;&#x440;&#x43D;&#x43E;-&#x43F;&#x43E;&#x434;&#x435;&#x43B;&#x43E;&#x447;&#x43D;&#x43E;&#x433;&#x43E; &#x43A;&#x430;&#x43C;&#x43D;&#x44F;</subfield>
    <subfield code="e">(&#x441;&#x43F;&#x43E;&#x441;&#x43E;&#x431;&#x44B; &#x438; &#x440;&#x435;&#x436;&#x438;&#x43C;&#x44B; &#x43E;&#x431;&#x440;&#x430;&#x431;&#x43E;&#x442;&#x43A;&#x438;, &#x432;&#x44B;&#x431;&#x43E;&#x440;, &#x438;&#x437;&#x433;&#x43E;&#x442;&#x43E;&#x432;&#x43B;&#x435;&#x43D;&#x438;&#x435; &#x438; &#x440;&#x435;&#x441;&#x442;&#x430;&#x432;&#x440;&#x430;&#x446;&#x438;&#x44F; &#x438;&#x43D;&#x441;&#x442;&#x440;&#x443;&#x43C;&#x435;&#x43D;&#x442;&#x430;)</subfield>
  </datafield>
  <datafield tag="210" ind1=" " ind2=" ">
    <subfield code="d">2010</subfield>
    <subfield code="a">&#x411;. &#x43C;.</subfield>
  </datafield>
  <datafield tag="215" ind1=" " ind2=" ">
    <subfield code="a">767 &#x441;.</subfield>
    <subfield code="c">&#x438;&#x43B;.</subfield>
  </datafield>
  <datafield tag="320" ind1=" " ind2=" ">
    <subfield code="a">&#x411;&#x438;&#x431;&#x43B;&#x438;&#x43E;&#x433;&#x440;.: &#x441;. 755-756 (73 &#x43D;&#x430;&#x437;&#x432;.)</subfield>
  </datafield>
  <datafield tag="461" ind1=" " ind2="0">
    <subfield code="1">001RU\NLR\bibl\1039317</subfield>
    <subfield code="1">2001#$a&#x42D;&#x43D;&#x446;&#x438;&#x43A;&#x43B;&#x43E;&#x43F;&#x435;&#x434;&#x438;&#x44F; &#x43A;&#x430;&#x43C;&#x43D;&#x44F;$v&#x422;. 2</subfield>
    <subfield code="9">732934</subfield>
    <subfield code="a">&#x412;&#x43E;&#x43B;&#x443;&#x435;&#x432;, &#x418;. &#x412;. (1949-)</subfield>
    <subfield code="c">&#x41C;&#x43E;&#x441;&#x43A;&#x432;&#x430;</subfield>
    <subfield code="d">2006</subfield>
    <subfield code="f">&#x418;.&#x412;. &#x412;&#x43E;&#x43B;&#x443;&#x435;&#x432;</subfield>
    <subfield code="n">[&#x431;.&#x438;.]</subfield>
    <subfield code="o">&#x43F;&#x440;&#x43E;&#x438;&#x441;&#x445;&#x43E;&#x436;&#x434;&#x435;&#x43D;&#x438;&#x435;, &#x434;&#x43E;&#x431;&#x44B;&#x447;&#x430;, &#x43E;&#x431;&#x440;&#x430;&#x431;&#x43E;&#x442;&#x43A;&#x430; &#x438; &#x43F;&#x440;&#x438;&#x43C;&#x435;&#x43D;&#x435;&#x43D;&#x438;&#x435; &#x43E;&#x431;&#x43B;&#x438;&#x446;&#x43E;&#x432;&#x43E;&#x447;&#x43D;&#x43E;&#x433;&#x43E;, &#x44E;&#x432;&#x435;&#x43B;&#x438;&#x440;&#x43D;&#x43E;&#x433;&#x43E; &#x438; &#x44E;&#x432;&#x435;&#x43B;&#x438;&#x440;&#x43D;&#x43E;-&#x43F;&#x43E;&#x434;&#x435;&#x43B;&#x43E;&#x447;&#x43D;&#x43E;&#x433;&#x43E; &#x43A;&#x430;&#x43C;&#x43D;&#x44F; (&#x43E;&#x431;&#x43E;&#x440;&#x443;&#x434;&#x43E;&#x432;&#x430;&#x43D;&#x438;&#x435;, &#x442;&#x435;&#x445;&#x43D;&#x43E;&#x43B;&#x43E;&#x433;&#x438;&#x44F;, &#x438;&#x43D;&#x441;&#x442;&#x440;&#x443;&#x43C;&#x435;&#x43D;&#x442;)</subfield>
    <subfield code="t">&#x42D;&#x43D;&#x446;&#x438;&#x43A;&#x43B;&#x43E;&#x43F;&#x435;&#x434;&#x438;&#x44F; &#x43A;&#x430;&#x43C;&#x43D;&#x44F;</subfield>
    <subfield code="v">&#x422;. 2</subfield>
  </datafield>
  <datafield tag="606" ind1="1" ind2=" ">
    <subfield code="a">&#x414;&#x440;&#x430;&#x433;&#x43E;&#x446;&#x435;&#x43D;&#x43D;&#x44B;&#x435; &#x43A;&#x430;&#x43C;&#x43D;&#x438;</subfield>
    <subfield code="j">&#x42D;&#x43D;&#x446;&#x438;&#x43A;&#x43B;&#x43E;&#x43F;&#x435;&#x434;&#x438;&#x438;</subfield>
    <subfield code="x">&#x41E;&#x431;&#x440;&#x430;&#x431;&#x43E;&#x442;&#x43A;&#x430;</subfield>
    <subfield code="9">906909</subfield>
    <subfield code="3">RU\NLR\auth\66330513</subfield>
  </datafield>
  <datafield tag="606" ind1="1" ind2=" ">
    <subfield code="a">&#x41E;&#x431;&#x43B;&#x438;&#x446;&#x43E;&#x432;&#x43E;&#x447;&#x43D;&#x44B;&#x435; &#x43A;&#x430;&#x43C;&#x43D;&#x438;</subfield>
    <subfield code="j">&#x42D;&#x43D;&#x446;&#x438;&#x43A;&#x43B;&#x43E;&#x43F;&#x435;&#x434;&#x438;&#x438;</subfield>
    <subfield code="x">&#x41E;&#x431;&#x440;&#x430;&#x431;&#x43E;&#x442;&#x43A;&#x430;</subfield>
    <subfield code="9">2608485</subfield>
    <subfield code="3">RU\NLR\auth\661545043</subfield>
  </datafield>
  <datafield tag="686" ind1=" " ind2=" ">
    <subfield code="a">&#x41D;311.084&#x44F;20</subfield>
  </datafield>
  <datafield tag="801" ind1=" " ind2="0">
    <subfield code="a">RU</subfield>
    <subfield code="b">NLR</subfield>
    <subfield code="c">20101125</subfield>
    <subfield code="g">RCR</subfield>
  </datafield>
  <datafield tag="801" ind1=" " ind2="1">
    <subfield code="a">RU</subfield>
    <subfield code="b">NLR</subfield>
    <subfield code="c">20101125</subfield>
  </datafield>
  <datafield tag="942" ind1=" " ind2=" ">
    <subfield code="c">BOOK</subfield>
  </datafield>
  <datafield tag="980" ind1=" " ind2=" ">
    <subfield code="a">NB</subfield>
  </datafield>
  <datafield tag="995" ind1=" " ind2=" ">
    <subfield code="5">2010-11-25</subfield>
    <subfield code="a">ad</subfield>
    <subfield code="b">NLR01</subfield>
    <subfield code="c">NLR01</subfield>
    <subfield code="e">RF9</subfield>
    <subfield code="f">3303318</subfield>
    <subfield code="k">2007-8/261</subfield>
    <subfield code="o">0</subfield>
    <subfield code="r">BOOK</subfield>
    <subfield code="s">20078261_</subfield>
  </datafield>
  <datafield tag="995" ind1=" " ind2=" ">
    <subfield code="5">2010-11-25</subfield>
    <subfield code="a">ad</subfield>
    <subfield code="b">NLR01</subfield>
    <subfield code="c">NLR01</subfield>
    <subfield code="e">RF9</subfield>
    <subfield code="f">3303319</subfield>
    <subfield code="k">2007-8/261</subfield>
    <subfield code="o">0</subfield>
    <subfield code="r">BOOK</subfield>
    <subfield code="s">20078261_</subfield>
  </datafield>
</record>
